Statistics for The X Factor 2015

Click here to take the quiz!

General Stats

  • This quiz has been taken 51 times
  • The average score is 13 of 20

Answer Stats

HintAnswer% Correct
Judge (overs)Simon Cowell
93%
3rdChe Chesterman
91%
Judge (groups)Cheryl Fernandez-Versini
89%
Presenter 1Olly Murs
89%
Judge (girls)Rita Ora
89%
Presenter 2Caroline Flack
87%
WINNERLouisa Johnson
87%
Judge (boys)Nick Grimshaw
84%
4thLauren Murray
67%
2ndReggie 'n' Bollie
62%
WildcardMonica Michael
56%
8thMonica Michael
56%
7thMason Noise
49%
5th4th Impact
44%
10thSean Miley Moore
44%
6thAnton Stephans
40%
13thBupsi
38%
11thKiera Weathers
38%
9thMax Stone
36%
12thAlien Uncovered
31%

Score Distribution

Percentile by Number Answered

Percent of People with Each Score

Your Score History

You have not taken this quiz